Typy genetyczne wsi - Statystyki

Ogólne statystyki
  • Ten quiz został rozwiązany 181 razy
  • Średni wynik to 5 z 9
Statystyki odpowiedzi
Obrazkowy Odpowiedź % Poprawnych
Okolnica
84%
Okolnica
66%
Rzędówka
65%
Owalnica
58%
Wielodrożnica
54%
Ulicówka
51%
Wielodrożnica
50%
Widlica
46%
Łańcuchówka
44%
Nie znaleziono quizów pasujących do podanych kryteriów
Rozkład punktacji
Procent ludzi z każdym wynikiem
Percentyl według liczby udzielonych odpowiedzi
Twoja historia wyników
Nie rozwiązałeś tego quizu